Oriente y Grecia antigua / (Record no. 27541)

MARC details
000 -LEADER
campo de control de longitud fija 01154nam a2200301 i 4500
001 - NÚMERO DE CONTROL
campo de control 27541
003 - IDENTIFICADOR DE NÚMERO DE CONTROL
campo de control ES-MaACL
005 - FECHA Y HORA DE LA ÚLTIMA TRANSACCIÓN
campo de control 20251003152901.0
007 - CAMPO FIJO DE DESCRIPCIÓN FÍSICA--INFORMACIÓN GENERAL
campo de control de longitud fija t|
008 - DATOS DE LONGITUD FIJA--INFORMACIÓN GENERAL
campo de control de longitud fija 030114s1958 sp ||||1| spa d
080 ## - NÚMERO DE LA CLASIFICACIÓN DECIMAL UNIVERSAL
Número de la Clasificación Decimal Universal 931
100 1# - ENTRADA PRINCIPAL--NOMBRE DE PERSONA
Nombre de persona Aymard, André.
9 (RLIN) 24172
245 10 - MENCIÓN DEL TÍTULO
Título Oriente y Grecia antigua /
Mención de responsabilidad, etc. por André Aymard y Jeannine Auboyer ; introducción por Eduardo Ripoll Perelló ; prefacio por Maurice Crouzet ; prefacio a la edición española por Jaime Vicens Vives.
250 ## - MENCION DE EDICION
Mención de edición 1ª ed.
260 ## - PUBLICACIÓN, DISTRIBUCIÓN, ETC.
Lugar de publicación, distribución, etc. Barcelona :
Nombre del editor, distribuidor, etc. Destino,
Fecha de publicación, distribución, etc. 1958 (
Fabricante Imp. Clarasó)
300 ## - DESCRIPCIÓN FÍSICA
Extensión 776 p., 63 lám. :
Otras características físicas il. ;
Dimensiones 24 cm.
490 1# - MENCIÓN DE SERIE
Mención de serie Historia general de las civilizaciones ;
Designación de volumen o secuencia 1
650 #4 - PUNTO DE ACCESO ADICIONAL DE MATERIA--TÉRMINO DE MATERIA
Término de materia o nombre geográfico como elemento de entrada Civilización antigua.
9 (RLIN) 141209
650 #4 - PUNTO DE ACCESO ADICIONAL DE MATERIA--TÉRMINO DE MATERIA
Término de materia o nombre geográfico como elemento de entrada Civilización griega.
9 (RLIN) 137206
650 #4 - PUNTO DE ACCESO ADICIONAL DE MATERIA--TÉRMINO DE MATERIA
Término de materia o nombre geográfico como elemento de entrada Civilización oriental.
9 (RLIN) 142522
700 1# - ENTRADA AGREGADA--NOMBRE PERSONAL
Nombre de persona Auboyer, Jeanninne.
9 (RLIN) 23817
700 1# - ENTRADA AGREGADA--NOMBRE PERSONAL
Nombre de persona Ripoll Perelló, Eduardo,
Fechas asociadas al nombre 1923-2006
9 (RLIN) 97437
700 1# - ENTRADA AGREGADA--NOMBRE PERSONAL
Nombre de persona Crouzet, Maurice.
9 (RLIN) 41736
700 1# - ENTRADA AGREGADA--NOMBRE PERSONAL
Nombre de persona Vicens Vives, Jaime,
Fechas asociadas al nombre 1910-1960
9 (RLIN) 114319
830 1# - PUNTO DE ACCESO ADICIONAL DE SERIE-TÍTULO UNIFORME
Título uniforme Historia general de las civilizaciones ;
Designación de volumen o secuencia 1
9 (RLIN) 229216
852 ## - LOCALIZACIÓN
Ubicación ES-MaACL
Número de control de estantería A-3966
Holdings
Estatus retirado Estado de pérdida Estado de daño No para préstamo Biblioteca de origen Biblioteca actual Ubicación en estantería Fecha de adquisición Fuente de adquisición Total de préstamos Signatura topográfica completa Código de barras Visto por última vez Precio de reemplazo Tipo de ítem Koha
        Biblioteca del Ateneo de Madrid Biblioteca del Ateneo de Madrid Sala Pecera Planta 1 17/01/2008     A-3966 1028439 23/02/2023 23/02/2023 Libro impreso